Las raíces de la vida; génes, celulas y evolución /
Guardado en:
| Autor Principal: | |
|---|---|
| Formato: | Libro |
| Publicado: |
España :
Salvat,
1985
|
| Materias: | |
| Etiquetas: |
Agregar Etiqueta
Sin Etiquetas, Sea el primero en etiquetar este registro!
|
| LEADER | 00677nam a22002175a 4500 | ||
|---|---|---|---|
| 001 | CEM.cems003258 | ||
| 005 | 19000101000000.0 | ||
| 008 | 130507s1985##################000#0#####d | ||
| 003 | CEMS | ||
| 082 | 0 | 4 | |a 576 |
| 100 | 1 | |a Hoagland, M. | |
| 245 | 1 | 0 | |a Las raíces de la vida; génes, celulas y evolución / |c M. Hoagland |
| 260 | |a España : |b Salvat, |c 1985 | ||
| 300 | |a 168 p. | ||
| 505 | 0 | |a De la materia a la vida.-De la celula a la evolucion.-Herencia.-Microbios. -Genetica molecular.-Codigo de la vida:DNA.- | |
| 653 | |a Adn | ||
| 653 | |a Aminoacidos | ||
| 653 | |a Bacterias | ||
| 653 | |a Cancer | ||
| 653 | |a Celula | ||
| 859 | |a CEMS |b BIB. CEMS - 11 de abril |h 576 |i H65 |p 14394.86 |t Ej.1 | ||
